| 000 | 00856nam a22002297a 4500 | ||
|---|---|---|---|
| 999 |
_c64056 _d64056 |
||
| 005 | 20240530110712.0 | ||
| 008 | 180121s2015 ua a f b 000 0dara d | ||
| 017 |
_a16275 _bمصر. دار الكتب |
||
| 020 | _a9789773144548 | ||
| 040 |
_aEG-CaGPL _cEG-CaGPL |
||
| 082 | 0 | 4 |
_221 _a362.4\ _bس ت |
| 100 | 0 | _aسهير محمد سلامة شاش | |
| 245 | 1 | 0 |
_aتنمية المهارات الحياتية والاجتماعية لذوى الاحتياجات الخاصة / _cسهير محمد سلامة شاش . |
| 250 | _aط.1 | ||
| 260 |
_aالقاهرة : _bمكتبة زهراء الشرق ، _c2015 . |
||
| 300 |
_a236 ص. ؛ _c24 سم. |
||
| 504 | _aببليوجرافية : ص 227 - 236 | ||
| 650 | 0 | 7 |
_2qrmak _aالمعوقون _xالتعليم |
| 651 | _2qrmak | ||
| 942 |
_2ddc _cBK |
||